Pays par lettre - A - Statistiques

Statistiques générales
  • Ce quiz a été pris 251 fois
  • Le résultat moyen est 11 sur 14
Statistiques - réponses
Réponse % Correct
Albanie
91%
Allemagne
90%
Argentine
89%
Australie
89%
Algérie
86%
Arménie
85%
Andorre
83%
Angola
81%
Autriche
80%
Azerbaïdjan
79%
Afghanistan
78%
Antigua et Barbuda
75%
Afrique du Sud
72%
Arabie Saoudite
65%
Aucun quiz correspondant
Distribution des résultats
% des personnes avec chaque résultat
Percentile par nombre de réponses
Votre historique - résultats
Vous n’avez pas pris ce quiz